MLB Top 5 AL MVP Voting 1970s - Statistics

General Stats
  • This quiz has been taken 97 times
    24 since last reset
  • The average score is 38 of 52
Answer Stats
Year Team Player % Correct
1970: 3 Twins Harmon Killebrew
100%
1973: 2 Orioles Jim Palmer
100%
1973: 1 Athletics Reggie Jackson
100%
1974: 4 Athletics Reggie Jackson
100%
1975: 5 Athletics Reggie Jackson
100%
1976: 2 Royals George Brett
95%
1979: 3 Royals George Brett
95%
1976: 1 Yankees Thurman Munson
95%
1970: 4 Red Sox Carl Yastrzemski
90%
1975: 1 Red Sox Fred Lynn
90%
1979: 4 Red Sox Fred Lynn
90%
1977: 5 Yankees Graig Nettles
90%
1975: 3 Red Sox Jim Rice
90%
1977: 4 Red Sox Jim Rice
90%
1978: 1 Red Sox Jim Rice
90%
1979: 5 Red Sox Jim Rice
90%
1971: 1 Athletics Vida Blue
90%
1970: 1 Orioles Boog Powell
86%
1971: 4 Orioles Brooks Robinson
86%
1971: 3 Orioles Frank Robinson
86%
1974: 1 Rangers Jeff Burroughs
86%
1973: 4 Twins Rod Carew
86%
1976: 5 Twins Rod Carew
86%
1977: 1 Twins Rod Carew
86%
1972: 4 Red Sox Carlton Fisk
81%
1972: 1 White Sox Dick Allen
76%
1979: 1 Angels Don Baylor
76%
1970: 5 Senators Frank Howard
76%
1971: 2 Athletics Sal Bando
76%
1973: 4 Athletics Sal Bando
76%
1974: 3 Athletics Sal Bando
76%
1978: 2 Yankees Ron Guidry
71%
1970: 2 Twins Tony Oliva
71%
1973: 3 Royals Amos Otis
67%
1978: 4 Royals Amos Otis
67%
1972: 2 Athletics Joe Rudi
67%
1974: 2 Athletics Joe Rudi
67%
1971: 5 Tigers Mickey Lolich
62%
1972: 5 Yankees Bobby Murcer
57%
1976: 4 Royals Hal McRae
57%
1975: 4 Athletics Rollie Fingers
57%
1972: 3 Yankees Sparky Lyle
57%
1976: 5 Yankees Chris Chambliss
52%
1977: 3 Orioles Ken Singleton
48%
1979: 2 Orioles Ken Singleton
48%
1976: 3 Yankees Mickey Rivers
48%
1975: 2 Royals John Mayberry
43%
1974: 5 Rangers Fergie Jenkins
38%
1978: 5 Tigers Rusty Staub
33%
1977: 2 Royals Al Cowens
29%
1973: 4 Tigers John Hiller
24%
1978: 3 Twins Larry Hisle
19%
No matching quizzes found
Score Distribution
Percent of People with Each Score
Percentile by Number Answered
Your Score History
You have not taken this quiz since the last reset